00501 2200181 4500001002100000008004100021035002000062245009200082100001900174250000600193260003800199300001200237020002200249084001400271082000800285650001400293990001200307INLIS000000000001167 ind  a0010-0524000402 aRelativitas Sebagai Persiapan Menuju Olimpiade InternasionalcProf. Yohanes Surya, Ph.D aSurya, Yohanes a1 aTangerang :bPT. KandelcMei 2017 a136 hlm a978-602-6878-42-7 a530 YOH r a530 aNon Fiksi a0744929